| 000 | 01071nam a22003017a 4500 | ||
|---|---|---|---|
| 003 | CHAP | ||
| 005 | 20220329140503.0 | ||
| 008 | 971013s1980 r 00010 d | ||
| 010 | _a52695 | ||
| 011 | _a53667 | ||
| 035 | _a57817 | ||
| 040 | _cCHAP | ||
| 090 | _aTesis | ||
| 100 | 0 | 0 |
_aRosales Robles, Enrique. _999935 |
| 245 | _aEstudio sobre nuevas técnicas y productos para el control químico y pruebas preliminares sobre potencial alelopático del zacate Johnson (Sorghum halepense L.) Pers.) | ||
| 260 |
_aMonterrey, N. L. : _bEl autor, _c1980 |
||
| 300 |
_a101 h. _b; gráfs. |
||
| 502 | _aTesis (M. C. Esp. en Parasitología Agrícola) -- ITESM. División de Ciencias Agropecuarias y Marítimas | ||
| 590 |
_aALEPH _b10 _c20130110 _lUCH01 _h1330 |
||
| 590 |
_aBATCH-UPD _b10 _c20130110 _lUCH01 _h0730 |
||
| 590 |
_aCONVERSION _b10 _c20130109 _lUCH01 _h1328 |
||
| 650 | 1 | 4 |
_aHerbicidas. _953691 |
| 650 | 1 | 4 |
_aMalas hierbas _xControl. _970011 |
| 650 | 1 | 4 |
_aZacate Johnson. _9123396 |
| 901 | _aBK | ||
| 942 | _cTESIS | ||
| 949 |
_bBC _cTES _d-125642 _eTS1 _i57817 _si |
||
| 999 |
_c52695 _d52695 |
||